000 00885nam a22002417a 4500
005 20111103164127.0
008 111103t xxu||||| |||| 00| 0 eng d
010 _aENG-104026
020 _a9788124116616
_c595.00
035 _aEN-87559
037 _bDBAD/PUB
040 _aDPL
_bEng
082 _a332.45
100 _935683
_aVerma, Anshul
245 _aForeign exchange risk management system :
_cby Anshul Verma
_ban Indian perspective /
260 _aNew Delhi
_bHar-Anand Publications
_c2012
270 _aE-49/3, Okhla Industrial Area, Phase-II
_bNew Delhi
_e110020
300 _a189p.
_c22cm (Hb)
500 _aIncludes bibliographical references
700 _935668
942 _2ddc
_cEN
_h332.45
_mVER
999 _c58084
_d58084